| 000 | 00000nam##2200000za#4500 |
| 001 | 9.604003 |
| 003 | CaOODSP |
| 005 | 20210624211345 |
| 007 | cr ||||||||||| |
| 008 | 150406|1993||||xxc|||||o f|0| 0 fre|d |
| 022 | |a1488-545X |
| 040 | |aCaOODSP|bfre |
| 043 | |an-cn--- |
| 086 | 1 |aFs97-6/1906F-PDF |
| 110 | 1 |aCanada.|bMinistère des pêches et des océans.|bDirection de la gestion de l'habitat du poisson. |
| 245 | 10|aDistribution estivale du béluga du Saint-Laurent : |h[ressource électronique]|bsynthèse 1986 à 1992 / |cpar R. Michaud. |
| 260 | |aQuébec - Québec : |bPêches et Océans Canada. |cMars 1993. |
| 300 | |a36p.|bgraphiques, cartes, références, tableaux |
| 490 | 1 |aRapport technique canadien des sciences halieutiques et aquatiques|x1488-545X|vN° 1906 |
| 500 | |aLe n° de catalogue (Fs97-6/1906F) et l'ISSN (0706-6570) de l'édition imprimée ont été incorrectement copiés dans l'édition électronique. |
| 546 | |a(Abstract in English) |
| 590 | |a12-23-Supp|b2012-05-28 |
| 720 | 1 |aMichaud, R. |
| 776 | 0#|tDistribution estivale du béluga du Saint-Laurent: synthèse 1986 à 1992 / |w(CaOODSP)9.622200 |
| 830 | #0|aRapport technique canadien des sciences halieutiques et aquatiques,|x1488-545X|vN° 1906|w(CaOODSP)9.500867 |
| 856 | 40|ahttp://publications.gc.ca|qPDF|s1.95 Mo|uhttps://publications.gc.ca/collections/collection_2012/mpo-dfo/Fs97-6-1906-fra.pdf|yN° 1906 |